Malý Lipník

Gespeichert in:
Bibliographische Detailangaben
1. Verfasser: Štefaňák, Peter
Format: Buch
Sprache:Slowakisch
Veröffentlicht: Bratislava LORCA 2007
Schlagworte:
Tags: Tag hinzufügen
Keine Tags, Fügen Sie das erste Tag hinzu!

MARC

LEADER 00000nam a2200000 4500
001 0126917
005 20240502072439.9
020 |a 978-80-968437-7-0 
041 0 |a slo 
044 |a SK 
245 1 0 |a Malý Lipník  |c Peter Štefaňák 
264 1 |a Bratislava  |b LORCA  |c 2007 
300 |a 349 s. 
610 2 0 |a obce 
610 2 0 |a história 
610 2 0 |a obyvateľstvo 
610 2 0 |a štýl životný 
610 2 0 |a školstvo 
610 2 0 |a bývanie 
610 2 0 |a zvyklosti kultúrne 
610 2 0 |a šport 
610 2 0 |a cirkev 
610 2 0 |a Slovensko 
100 1 |a Štefaňák, Peter